000 00883nam a22002177a 4500
003 BUBTL
008 220113b ||||| |||| 00| 0 eng d
020 _a98483906103
082 _a954.92/ M2788b/ 2009
100 _94322
_aমাহমুদ, আনু
245 _aবঙ্গবন্ধু : বাংলাদেশ অভিন্ন সত্তা /
_cআনু মাহমুদ
250 _a ‍1st Edn.
260 _aঢাকা :
_bলেখনী,
_cc2009
300 _a528 p. :
_c22 cm.
505 _aবঙ্গবন্ধু : বাংলাদেশ অভিন্ন সত্তা, বঙ্গবন্ধু,বাংলাদেশ, আনু মাহমুদ
650 0 _93573
_aবঙ্গবন্ধু
650 0 _94372
_aBangabandhu
856 _k0
_l0
_yDownload
942 _2ddc
_cBK
999 _c6634
_d6634